Countries Closest to Oman - One Minute Sprint - Statistics

General Stats
  • This quiz has been taken 94 times
  • The average score is 14 of 20
Answer Stats
km Country miles % Correct
0 Yemen 0
98%
0 Saudi Arabia 0
95%
51 Iran 32
94%
0 United Arab Emirates 0
93%
855 Iraq 531
91%
423 Qatar 263
85%
509 Bahrain 316
82%
342 Pakistan 212
82%
806 Kuwait 501
80%
868 India 539
76%
571 Somalia 355
74%
1147 Djibouti 713
68%
1152 Eritrea 716
67%
1236 Ethiopia 768
67%
576 Afghanistan 358
62%
1420 Sudan 882
55%
1119 Turkmenistan 696
35%
1543 Uzbekistan 959
29%
1602 Tajikistan 995
24%
1514 Azerbaijan 941
23%
No matching quizzes found
Score Distribution
Percent of People with Each Score
Percentile by Number Answered
Your Score History
You have not taken this quiz